| 000 | 01230cam a2200313 a 4500 | ||
|---|---|---|---|
| 001 | 4523201 | ||
| 003 | ARRUPE | ||
| 005 | 20211015110243.0 | ||
| 008 | 990330s1998 enka b 001 0 eng | ||
| 010 | _a 99161543 | ||
| 020 | _a0521645506 (pbk.) | ||
| 040 |
_aDLC _beng _cDLC _dDLC |
||
| 050 | 0 | 0 |
_aQ125 _b.C552 1993 |
| 082 | 0 | 0 |
_a500 _221 |
| 100 | 1 |
_aCollins, H. M. _q(Harry M.), _d1943- _950348 |
|
| 245 | 1 | 4 |
_aThe golem : _bwhat you should know about science / _cHarry Collins, Trevor Pinch. |
| 250 | _a2nd ed. | ||
| 260 |
_aCambridge [England] ; _aNew York : _bCambridge University Press, _cc1998. |
||
| 300 |
_axix, 192 p. : _bill. ; _c22 cm. |
||
| 504 | _aIncludes bibliographical references (p. 181-184) and index. | ||
| 650 | 0 |
_aScience _xHistory. |
|
| 650 | 0 |
_aScience _xSocial aspects _xHistory. _917705 |
|
| 700 | 1 |
_aPinch, Trevor, _d1952- _950515 |
|
| 856 | 4 | 2 |
_3Publisher description _uhttp://www.loc.gov/catdir/description/cam0210/99161543.html |
| 856 | 4 | 1 |
_3Table of contents _uhttp://www.loc.gov/catdir/toc/cam022/99161543.html |
| 906 |
_a7 _bcbu _corignew _d1 _encip _f19 _gy-gencatlg |
||
| 942 |
_2lcc _cMONOGRAPH |
||
| 999 |
_c130898 _d130898 |
||